000 00675nam a2200217Ii 4500
003 JO-AjNU
008 230606s9999||||xx |||||||||||||| ||und||
020 _a978-0-495-09587-3
040 _aJO-AjNU
_beng
_erda
_cJO-AjNU
041 _aeng
050 1 4 _aP90.L48 2008
100 3 _aw.Littlejohn,Stephen تأليف/A.Foss,Karen م.مشارك,
_eauthor
_92158
245 0 0 _aTheories Of Human Communication
250 _a8 ed
264 3 1 _aUSA:Thomson Wadsworth,2008
300 _a395p
336 _atext
_btxt
_2rdacontent
337 _aunmediated
_bn
_2rdamedia
338 _avolume
_bnc
_2rdacarrier
650 4 _aTheories Of Human Communication-Human Communication
_92159
999 _aE1132
_c1132
_d1132